[Event "11th Chennai Open-GM 2019"]
[Site "Chennai"]
[Date "2019.01.21"]
[Round "5"]
[White "Deepan Chakkravarthy J."]
[Black "Shashikant, Kutwal"]
[Result "1-0"]
[WhiteElo "2543"]
[BlackElo "2151"]
[Annotator "TA"]
[PlyCount "51"]
[EventDate "2019.01.18"]
[EventType "swiss"]
[EventCountry "IND"]
[SourceTitle "playchess.com"]
[Source "ChessBase"]
[SourceQuality "1"]

{[%evp 12,51,24,-8,-7,-14,-19,-15,-19,-12,0,0,0,0,0,-19,0,0,36,24,64,70,66,59,71,73,67,18,35,54,53,37,72,66,147,144,137,131,186,202,302,272]} 1. Nf3 Nf6 2. d4 g6 3. Nc3 Bg7 4. e4 d6 5. h3 O-O 6. a4 {B08: Pirc Defence: Classical System} (6. Be3 a6 7. a4 Nc6 8. d5 Nb8 9. Bd3 e6 10. dxe6 Bxe6 11. Nd4 d5 12. O-O Nc6 13. Nxc6 bxc6 14. Bd4 dxe4 15. Bxe4 Nxe4 16. Bxg7 Qxd1 17. Rfxd1 Nxf2 18. Bxf8 Nxd1 19. Rxd1 Kxf8 {0-1 (59) Andreikin,D (2712)-Artemiev,V (2697) Moscow 2018}) 6... a6 7. Bc4 {LiveBook: 5 Games} Nxe4 8. Nxe4 {[#] And now Nc3 would win.The position is equal.} d5 9. Bd3 dxe4 10. Bxe4 Nd7 {[%cal Bb8d7,Bd7c5,Bc5e6,Be6f4,Bf4d5,Bd5b4][%mdl 32]} 11. O-O c5 12. c3 cxd4 13. Nxd4 {[%cal Bf3d4,Bd4b3,Bb3a5][%mdl 32]} Nc5 14. Bc2 $146 e5 15. Nb3 $36 {[%mdl 2048] [#] Threatens to win with Qxd8. White has some pressure.} Ne6 16. Qxd8 Rxd8 17. Be3 Nf4 18. Rfd1 Be6 19. Na5 Nd5 20. Bg5 Rd7 21. c4 Nb4 22. Be4 Rd4 (22... Rb8 $14) 23. Bxb7 $16 Rb8 24. Be3 Rxd1+ (24... Bf6 $16 25. Bxd4 exd4) 25. Rxd1 $18 Bf6 (25... e4 {was called for.} 26. b3 (26. Bxe4 Bxb2 27. c5 Be5 $16) 26... f5) 26. Bc5 {Precision: White = 75%, Black = 27%.} 1-0

[Event "11th Chennai Open-GM 2019"]
[Site "Chennai"]
[Date "2019.01.21"]
[Round "5"]
[White "Tran, Tuan Minh"]
[Black "Shyaamnikhil P"]
[Result "0-1"]
[WhiteElo "2541"]
[BlackElo "2446"]
[Annotator "TA"]
[PlyCount "72"]
[EventDate "2019.01.18"]
[EventType "swiss"]
[EventCountry "IND"]
[SourceTitle "playchess.com"]
[Source "ChessBase"]
[SourceQuality "1"]

{[%evp 14,72,36,40,76,52,39,49,105,104,83,92,234,56,44,34,27,12,56,-22,-25,-16,0,-24,-23,-25,-12,-44,-22,-45,-39,-53,-49,-54,-7,-27,-47,-3,0,-291,-302,-243,-259,-330,-327,-567,-569,-550,-560,-616,-616,-604,-594,-664,-656,-630,-610,-648,-638,-674,-674]} 1. d4 Nf6 2. c4 e6 3. Nf3 c5 4. d5 b5 5. dxe6 fxe6 6. cxb5 d5 7. Bg5 h6 {E10: Blumenfeld Gambit} 8. Bh4 {LiveBook: 3 Games} Qa5+ $146 ({Predecessor:} 8... Be7 9. e3 O-O 10. Nbd2 Nbd7 11. Be2 Bb7 12. O-O Qe8 13. Qc2 g5 14. Bg3 Nh5 15. Bd3 Nxg3 16. hxg3 {0-1 (34) Evdokimov,A (2558)-Bocharov,D (2602) Khanty-Mansiysk 2013}) 9. Nbd2 Nbd7 {White is slightly better.} 10. e3 g5 ({Better is} 10... Bd6 $14) 11. Bg3 $16 Ne4 12. Bd3 Bg7 (12... Nxg3 $16 {is a better defense.} 13. hxg3 g4) 13. O-O $2 {[#]} ({White must play} 13. Bxe4 $18 dxe4 14. O-O) 13... Nxg3 $14 14. hxg3 O-O 15. Qc2 c4 16. Bh7+ (16. Be2 $1 $14) 16... Kh8 $11 17. Nd4 Qb6 18. a4 Bxd4 19. exd4 Qxd4 20. Bg6 Qg7 21. b3 c3 22. Nf3 e5 {Hoping for ...e4.} 23. Rac1 d4 24. Be4 Rb8 $36 {[%mdl 2048] Black fights for an advantage.} 25. Rfe1 Nc5 26. b4 $2 {[%mdl 8192]} (26. Bg6 $1 $11 {and White has nothing to worry.}) 26... Nxe4 $19 27. Qxe4 Bb7 28. Qxe5 Bxf3 29. gxf3 $2 (29. Qxg7+ Kxg7 30. gxf3) 29... Qxe5 {Black is clearly winning.} 30. Rxe5 {[%mdl 4096] Endgame KRR-KRR} Rfd8 31. Ree1 Rbc8 32. Red1 d3 33. a5 c2 {[#] White must now prevent ...d2.} 34. Rd2 Rc3 35. b6 axb6 36. axb6 Rb8 {Precision: White = 42%, Black = 55%.} 0-1

[Event "11th Chennai Open-GM 2019"]
[Site "Chennai"]
[Date "2019.01.21"]
[Round "5"]
[White "Karthik Venkataraman"]
[Black "Harikrishnan.A.Ra"]
[Result "1/2-1/2"]
[WhiteElo "2515"]
[BlackElo "2430"]
[Annotator "TA"]
[PlyCount "77"]
[EventDate "2019.01.18"]
[EventType "swiss"]
[EventCountry "IND"]
[SourceTitle "playchess.com"]
[Source "ChessBase"]
[SourceQuality "1"]

{[%evp 13,77,32,47,41,112,31,48,-8,37,35,41,36,21,25,30,33,30,22,28,35,26,25,34,14,57,43,87,14,28,0,0,0,0,0,10,0,0,0,0,0,0,0,0,0,0,0,0,0,0,0,0,0,0,0,0,0,0,0,0,0,0,0,8,0,0,0]} 1. e4 e5 2. Nf3 Nc6 3. Bb5 g6 4. c3 {[%cal Bc2c3,Bc3d4][%mdl 32]} a6 5. Bxc6 (5. Ba4 Bg7 6. d4 b5 7. Bb3 exd4 8. cxd4 d6 9. h3 Nf6 10. O-O O-O 11. Re1 Bb7 12. Nbd2 Nb4 13. Nf1 {0-1 (33) Hansen,E (2629)-Anand,V (2771) Batumi 2018}) 5... dxc6 6. d4 {C60: Ruy Lopez: Unusual Black 3rd moves and 3...g6} exd4 7. cxd4 Bg4 {LiveBook: 4 Games} 8. Qb3 {White is slightly better.} Bg7 (8... Bxf3 $14 9. gxf3 Bg7) 9. Be3 (9. Ne5 $16 Bxe5 10. dxe5) 9... Ne7 {[%cal Bg8e7,Be7c6,Bc6a5,Ba5c4][%mdl 32]} 10. Nc3 ({Better is} 10. Nbd2 $14) 10... Bxf3 11. gxf3 Bxd4 12. O-O-O c5 $146 ({Predecessor:} 12... Bxe3+ 13. fxe3 {1-0 (26) Fressinet,L (2649)-Stevic,H (2579) Batumi 2018}) 13. Ne2 {[%cal Re2d4]} Nc6 14. Qxb7 Na5 15. Qd5 Qxd5 16. exd5 Bxe3+ 17. fxe3 Nc4 18. Nc3 O-O 19. Rhe1 Rfe8 20. Ne4 (20. e4 $16) 20... Kg7 21. Nxc5 Rxe3 {The position is equal.} 22. Rxe3 Nxe3 $11 {[%mdl 4096] Endgame KRN-KRN} 23. Rd3 Nc4 24. Rc3 Nb6 25. Rd3 a5 26. a4 Rd8 27. b3 Rxd5 28. Rxd5 Nxd5 {KN-KN} 29. Nb7 Kf6 30. Kd2 Ke5 31. Nxa5 Kd4 32. Nc6+ Kc5 33. Ne5 Kb4 34. Kc2 Ne3+ 35. Kd3 Nd5 36. Nc6+ Kc5 $1 {[%cal Rc5c6]} 37. Nd8 Kb4 38. Nc6+ Kc5 $1 {[%cal Rc5c6]} 39. Ne5 {Precision: White = 59%, Black = 64%.} 1/2-1/2

[Event "11th Chennai Open-GM 2019"]
[Site "Chennai"]
[Date "2019.01.21"]
[Round "5"]
[White "Deviatkin, Andrei"]
[Black "Safranska, Anda"]
[Result "1-0"]
[WhiteElo "2461"]
[BlackElo "2139"]
[Annotator "TA"]
[PlyCount "115"]
[EventDate "2019.01.18"]
[EventType "swiss"]
[EventCountry "IND"]
[SourceTitle "playchess.com"]
[Source "ChessBase"]
[SourceQuality "1"]

{[%evp 13,115,11,33,25,22,23,38,38,43,39,47,37,49,39,41,43,43,43,43,39,46,50,56,38,34,15,21,17,39,27,54,36,55,58,111,113,159,127,134,84,180,195,181,174,190,186,180,178,175,183,184,168,176,158,160,159,158,153,180,182,187,182,181,181,168,164,191,168,185,169,174,85,215,214,304,289,284,278,380,378,479,314,309,307,344,344,304,254,321,304,541,523,472,521,509,506,476,455,5397,5373,1331,1235,1187,1121]} 1. e4 c6 2. Nc3 d5 3. Nf3 Bg4 4. h3 Bxf3 5. Qxf3 e6 6. d4 Nf6 7. Bd3 Be7 {LiveBook: 13 Games} 8. Be3 {B11: Caro-Kann: Two Knights Variation} dxe4 9. Nxe4 Na6 $146 ({Predecessor:} 9... Nbd7 10. c3 Nxe4 11. Qxe4 Nf6 12. Qf3 O-O 13. O-O Nd5 14. Rae1 {½-½ (14) Laznicka,V (2634)-Stellwagen,D (2630) Novi Sad 2009}) 10. c3 {White is slightly better.} Nc7 11. O-O O-O 12. Rad1 Ncd5 13. Bc1 Nxe4 14. Qxe4 {[%csl Gd3][%cal Re4h7] [#]} Nf6 15. Qh4 g6 16. Rfe1 Nh5 17. Qg4 Re8 18. Re5 {Black must now prevent Rxh5.} Nf6 19. Qe2 Nd7 20. Re4 Bf6 21. Bc2 Bg7 22. Qf3 Qb6 23. h4 $36 {[%mdl 2048] White is pushing.} Rf8 (23... Qa5 $14) 24. h5 $16 Rae8 25. hxg6 hxg6 26. g3 e5 (26... Nf6 $16) 27. Bb3 $18 Qc7 28. Be3 Nf6 {[#]} 29. Rxe5 $1 Rxe5 30. dxe5 Qxe5 31. Bxa7 Qc7 32. Bc5 Rd8 33. Rxd8+ Qxd8 34. Bd4 Qe7 35. Qe3 Qd7 36. Qg5 Nd5 37. Bxg7 Kxg7 38. Bxd5 cxd5 {[%mdl 4096] Endgame KQ-KQ} 39. Qe5+ Kg8 40. Qd4 Qf5 41. Kg2 Qb1 42. Qb4 (42. b3 $18 {has better winning chances.}) 42... Qxa2 (42... d4 $16) 43. Qxb7 Qc4 (43... Qb1 $142 44. Qb8+ Kh7) 44. Qb8+ Kg7 45. Qe5+ Kg8 46. b4 Qc6 47. Qd4 Qb7 48. Kg1 Kf8 49. Qc5+ Ke8 50. b5 Kd7 51. Kf1 Ke6 $2 (51... Qa8 52. Kg1 Qa1+ 53. Kg2 Qa8) 52. Ke2 {White is clearly winning.} Qa8 53. Qb6+ Kd7 54. Qa6 Qe8+ 55. Kd2 Qe4 (55... Qe5 $142 56. Qc6+ Kd8) 56. Qc6+ Ke7 57. Qc5+ Kd7 58. b6 {Precision: White = 68%, Black = 39%.} 1-0

[Event "11th Chennai Open-GM 2019"]
[Site "Chennai"]
[Date "2019.01.21"]
[Round "5"]
[White "Nguyen, Van Huy"]
[Black "Paichadze, Luka"]
[Result "1/2-1/2"]
[WhiteElo "2450"]
[BlackElo "2583"]
[Annotator "TA"]
[PlyCount "54"]
[EventDate "2019.01.18"]
[EventType "swiss"]
[EventCountry "IND"]
[SourceTitle "playchess.com"]
[Source "ChessBase"]
[SourceQuality "1"]

{[%evp 19,54,0,0,0,0,0,7,5,7,0,6,0,15,0,5,0,20,4,39,37,25,37,33,0,0,0,0,0,0,0,0,0,0,0,3,0,0]} 1. d4 Nf6 2. c4 e6 3. Nf3 Bb4+ 4. Nbd2 b6 5. g3 Bb7 6. Bg2 O-O 7. O-O a5 8. Qc2 {E16: Queen's Indian: 4 g3 Bb7 5 Bg2 Bb4+} Bxd2 (8... c5 9. Rd1 cxd4 10. Nxd4 Bxg2 11. Kxg2 Qc7 12. b3 Rc8 13. Bb2 Qb7+ 14. N4f3 Be7 15. Rac1 d5 {½-½ (107) Sakaev,K (2580)-Predke,A (2613) Yaroslavl 2018}) 9. Bxd2 Be4 10. Qc3 d6 {LiveBook: 11 Games} 11. Rfd1 Nbd7 12. Bg5 $146 ({Predecessor:} 12. Qe3 Re8 13. Bc3 Qc8 14. Bh3 Qb7 15. Rac1 a4 {0-1 (62) Rajkovic,D (2368)-Lajthajm,B (2441) Veliko Gradiste 2015}) 12... h6 13. Bxf6 Nxf6 14. Ne1 Bxg2 15. Nxg2 Qe7 16. Qf3 c5 17. Ne3 Rab8 18. a4 d5 19. cxd5 Nxd5 20. Nxd5 exd5 21. dxc5 bxc5 {The position is equal.} 22. Rxd5 Rxb2 23. Rc1 Rxe2 24. Rcxc5 Ra2 25. Re5 Qd7 26. Rxa5 Rxa4 27. Rxa4 Qxa4 {Precision: White = 32%, Black = 60%.} 1/2-1/2

[Event "11th Chennai Open-GM 2019"]
[Site "Chennai"]
[Date "2019.01.21"]
[Round "5"]
[White "Lugovskoy, Maxim"]
[Black "Akash G"]
[Result "1-0"]
[WhiteElo "2445"]
[BlackElo "2453"]
[Annotator "TA"]
[PlyCount "87"]
[EventDate "2019.01.18"]
[EventType "swiss"]
[EventCountry "IND"]
[SourceTitle "playchess.com"]
[Source "ChessBase"]
[SourceQuality "1"]

{[%evp 25,87,-19,-25,-28,-33,-54,-54,-103,-90,-93,-100,-98,-90,-90,-95,-87,-62,-102,-50,-46,-44,-60,0,0,29,0,58,64,55,-54,0,-2,0,-3,0,-18,10,0,0,-18,35,0,220,220,223,218,222,222,568,530,530,468,452,455,632,630,784,783,776,707,769,739,710,689]} 1. e4 c5 2. c3 Nf6 3. e5 Nd5 4. d4 cxd4 5. cxd4 d6 6. Nf3 Nc6 7. Bc4 Nb6 8. Bb3 dxe5 9. d5 Na5 10. Nc3 {B22: Sicilian: 2 c3} Bg4 11. Be3 Nxb3 12. Qxb3 Bxf3 13. gxf3 g6 $1 {LiveBook: 15 Games} 14. O-O-O Bg7 {[#]} 15. d6 $146 ({Predecessor:} 15. Kb1 O-O 16. Ne4 Qc7 17. Rd3 Rfc8 {1-0 (34) Pavasovic,D (2598)-Saric,A (2514) Nova Gorica 2009}) 15... exd6 16. Ne4 O-O 17. Rxd6 Qc8+ 18. Kb1 Nc4 19. Rc1 b5 $1 20. Rd5 a6 21. Qd3 Qh3 (21... Qe6 $17 22. Rd1 Rac8) 22. Bc5 $15 Rfc8 23. Rd7 Qf5 ({Black should play} 23... h6 $1 $15) 24. Be7 $11 h6 25. Nf6+ (25. b3 $5 {[%cal Rb3c4]}) 25... Kh8 (25... Bxf6 $11 26. Qxf5 gxf5 27. Bxf6 Rc6 28. Rg1+ Kf8 29. Be7+ Ke8) 26. Qxf5 $14 gxf5 27. Rg1 {[#]} (27. b3 $1 $14 Na3+ 28. Bxa3 Rxc1+ 29. Bxc1 Bxf6 30. Rxf7) 27... Nb6 (27... e4 $1 $15 {[%mdl 512]} 28. fxe4 Rc6) 28. Rb7 $40 {[%mdl 128] White attacks.} Rc6 29. Nh5 Rg8 30. a3 Nc4 31. Bb4 a5 32. Bc3 Nxa3+ ({Better is} 32... Bf8 $1 $11 33. Rxg8+ Kxg8) 33. Ka2 b4 $2 {[#]} (33... Nc4 $11) 34. Rxg7 $18 Rxg7 35. Bxe5 f6 36. Rxg7 Nc4 $2 (36... fxe5 {is more resistant.} 37. bxa3 Rc2+ 38. Kb1 Rxf2) 37. Bf4 {White is clearly winning.} a4 38. Re7 b3+ 39. Kb1 a3 40. bxa3 b2 41. Rc7 Nxa3+ 42. Kxb2 Nc4+ 43. Kc3 Ne5+ 44. Rxc6 {Precision: White = 57%, Black = 26%.} 1-0

[Event "11th Chennai Open-GM 2019"]
[Site "Chennai"]
[Date "2019.01.21"]
[Round "5"]
[White "Laxman, R.R."]
[Black "Kumar, Gaurav"]
[Result "1-0"]
[WhiteElo "2421"]
[BlackElo "2128"]
[Annotator "TA"]
[PlyCount "152"]
[EventDate "2019.01.18"]
[EventType "swiss"]
[EventCountry "IND"]
[SourceTitle "playchess.com"]
[Source "ChessBase"]
[SourceQuality "1"]

{[%evp 21,152,36,40,24,24,28,36,40,26,0,33,15,47,40,51,49,58,-10,16,21,16,24,15,22,16,29,37,9,12,0,75,24,53,45,97,103,139,131,150,157,142,100,133,135,139,136,125,102,178,178,178,166,170,163,193,193,193,186,186,186,186,183,212,204,208,204,231,212,200,188,206,201,315,308,345,336,313,242,324,333,339,324,379,379,379,379,1101,972,925,735,5265,3613,29975,29976,29976,29977,29977,29978,29978,29979,29983,29979,29981,29978,29978,29976,29978,29979,29981,29982,29982,29983,29983,29980,29982,29983,29983,29983,29983,29982,29982,29982,29984,29985,29985,29986,29986,29987,29986,29987,29990,29991,29991]} 1. d4 Nf6 2. Nf3 e6 3. c4 d5 4. g3 dxc4 5. Bg2 a6 6. O-O Nc6 7. e3 Bd7 8. Qe2 {E04: Open Catalan: 5 Nf3} Bd6 9. Rd1 O-O 10. Qxc4 Rb8 11. Nbd2 Qe7 {LiveBook: 7 Games} 12. Qe2 e5 13. dxe5 Nxe5 14. Nxe5 Bxe5 {[#]} 15. Nf3 $146 ({Predecessor:} 15. Nc4 Ba4 {½-½ (45) Matlakov,M (2730)-Sebenik,M (2534) Heraklio 2017}) 15... Ba4 16. Re1 Ne4 17. Qc4 Nc5 18. e4 {And now Be3 would win.} Bb5 19. Qb4 (19. Bg5 $14 Qd6 20. Qc2) 19... Rfe8 20. a4 Bc6 21. Bg5 Qf8 22. Nxe5 Rxe5 23. Bf4 Ree8 24. Qc4 Rbd8 25. Bg5 $36 {[%mdl 2048] White is pushing.} Rb8 (25... Rd7 $11) 26. f3 (26. Bd2 $16) 26... a5 27. Bd2 Bd7 ({Black should try} 27... Qd6 $14) 28. b4 $16 Na6 {[%cal Ra5b4]} 29. bxa5 Qc5+ 30. Qxc5 Nxc5 31. Bf4 Rec8 32. Red1 {Hoping for Rd5.} Be8 33. Bh3 Ne6 34. Rdb1 Ra8 (34... Bc6 $16) 35. Rxb7 Rxa5 36. Bxe6 $1 fxe6 37. Bxc7 Bc6 {Black wants to play ...Raa8.} 38. Bxa5 Bxb7 $18 {[%mdl 4096] Endgame KRB-KRB} 39. Bb4 Ba6 40. a5 Rb8 41. Bc3 Rb3 {[#]} 42. Rc1 $1 Ra3 43. h4 Ra2 44. Rd1 Be2 45. Rd8+ Kf7 46. Kf2 Rc2 (46... Ba6+ $142 47. Ke3 Ra3) 47. Be5 Bb5+ 48. Ke3 Ra2 49. Bc3 Rc2 50. Rc8 e5 {[%csl Gb5][%cal Rc2e2]} 51. Rc7+ Ke6 {[%csl Gb5][%cal Rc2e2] [#]} 52. Bxe5 $1 {[%mdl 512]} Rxc7 (52... Kxe5 53. Rxc2) 53. Bxc7 {KB-KB} g6 $2 (53... h5 54. g4 hxg4 55. fxg4 g6) 54. Bb6 Ba6 55. g4 h6 56. h5 g5 57. f4 {White mates.} gxf4+ 58. Kxf4 Bd3 59. Be3 Kf6 60. e5+ Kg7 61. Kf3 Bc4 62. Bc5 Kf7 63. Ba3 Kg8 64. Bc1 Kg7 65. Ke4 Be2 66. Kf4 Bc4 67. Kg3 Kh7 68. Kh4 Kg7 69. Bd2 Kh7 70. Bc3 Kg8 71. g5 hxg5+ 72. Kxg5 Kf7 73. h6 {[%cal Bh5h6,Bh6h7][%mdl 32]} Bd3 74. e6+ Kxe6 {[#]} 75. a6 $1 Bxa6 76. h7 Kd5 {Precision: White = 72%, Black = 38%.} 1-0

[Event "11th Chennai Open-GM 2019"]
[Site "Chennai"]
[Date "2019.01.21"]
[Round "5"]
[White "Muthaiah AL"]
[Black "Megaranto, Susanto"]
[Result "1-0"]
[WhiteElo "2406"]
[BlackElo "2530"]
[Annotator "TA"]
[PlyCount "61"]
[EventDate "2019.01.18"]
[EventType "swiss"]
[EventCountry "IND"]
[SourceTitle "playchess.com"]
[Source "ChessBase"]
[SourceQuality "1"]

{[%evp 18,61,39,44,52,43,72,72,79,68,82,58,107,113,145,103,191,122,293,310,408,427,407,425,352,368,395,409,882,882,912,879,845,796,2162,2071,2054,2054,1853,1761,2865,2664,2344,1721,1825,1781]} 1. Nf3 Nf6 2. d4 b6 3. g3 Bb7 4. Bg2 c5 5. c4 cxd4 6. Qxd4 Nc6 7. Qf4 g6 8. O-O Bg7 9. Nc3 O-O 10. Rd1 {LiveBook: 6 Games. A30: Symmetrical English: Double Fianchetto and Hedgehog} d6 (10... Rc8 11. b3 d6 12. Bb2 Qd7 13. Rac1 Rfd8 14. Qh4 Qg4 15. Qxg4 Nxg4 16. h3 Nge5 17. Nxe5 Bxe5 {0-1 (64) Maletin,P (2567)-Andreikin,D (2723) Novosibirsk 2012}) 11. Qh4 Na5 12. Bh6 {White is better.} Qc8 $146 ({Predecessor:} 12... Rc8 13. b3 Rc5 14. Ng5 Bxg2 15. Kxg2 Qa8+ 16. f3 Re5 17. e4 Rc8 18. Bxg7 Kxg7 {1-0 (34) Delithanasis,D (2201)-Galanos,D (2173) Athens 2010}) 13. Nd5 Bxd5 $1 14. cxd5 Bxh6 15. Qxh6 Qf5 16. Bh3 $36 {[%mdl 2048] White has strong initiative.} Qe4 (16... Qc2 $16) 17. Kf1 ({White should try} 17. Nd4 $18) 17... Nb7 $2 (17... Qb4 $16 {was necessary.}) 18. Rac1 $1 $18 {[%cal Ba1c1,Bc1c4,Bc4b4][%mdl 32] aiming for Rd4.} Qa4 19. Rd4 $1 {[%cal Rd4a4,Bd1d4,Bd4f4,Bf4f6][%mdl 32]} Qxa2 20. Ng5 $1 {[%cal Rg5h7] And now Nxh7! would win.} Qxb2 {[#]} 21. Rcc4 $1 Na5 22. Rb4 Nb3 {[#]} (22... Qc1+ $142 23. Kg2 Nc6) 23. Rf4 $1 {White is clearly winning.} Nd2+ 24. Kg2 {[%cal Bf1g2,Bg2g3,Bg3h4][%mdl 32] White threatens Rxf6 and mate.} Qa1 25. g4 {White wants to mate with Rxf6!} Rfc8 {[#]} 26. Rxf6 $1 {[%mdl 512]} Qf1+ (26... Qxf6 27. Qxh7+) 27. Kg3 Rc3+ 28. e3 Rxe3+ 29. fxe3 Qg1+ 30. Bg2 Qxe3+ 31. Kh4 {Precision: White = 77%, Black = 25%.} 1-0

[Event "11th Chennai Open-GM 2019"]
[Site "Chennai"]
[Date "2019.01.21"]
[Round "5"]
[White "Harshavardhan G B"]
[Black "Stupak, Kirill"]
[Result "1/2-1/2"]
[WhiteElo "2275"]
[BlackElo "2542"]
[Annotator "TA"]
[PlyCount "67"]
[EventDate "2019.01.18"]
[EventType "swiss"]
[EventCountry "IND"]
[SourceTitle "playchess.com"]
[Source "ChessBase"]
[SourceQuality "1"]

{[%evp 10,67,55,58,67,64,72,56,82,81,89,85,82,66,77,25,51,55,42,35,45,-7,-7,0,0,-2,32,23,35,0,0,10,32,34,25,-39,-43,-47,-43,-40,0,0,0,0,0,0,0,0,0,0,0,0,42,34,119,108,110,0,0,0]} 1. d4 Nf6 2. c4 b6 3. f3 Nc6 4. Nc3 e5 5. d5 Na5 6. e4 {LiveBook: 4 Games. A50: Queen's Fianchetto Defence (1 d4 Nf6 2 c4 b6)} Bc5 $146 ({Predecessor:} 6... Bb4 7. Bd2 O-O 8. a3 Be7 9. Bd3 Ne8 10. Nge2 Bg5 11. b4 Bxd2+ 12. Kxd2 {½-½ (56) Ivanisevic,I (2633)-Jurcik,M (2481) Yerevan 2014}) 7. a3 Nb7 8. b4 {White is better.} Bd4 9. Nge2 c5 10. Nxd4 cxd4 11. Ne2 a5 {Threatening ...axb4.} 12. Bb2 (12. Bd2 $16) 12... Nh5 13. h4 Qf6 14. Qd2 Nd6 15. Rc1 (15. Qg5 $14) 15... axb4 $11 16. axb4 Ra2 17. c5 $1 {[%cal Rc5d6]} Nb7 18. cxb6 O-O 19. Ra1 Rxa1+ 20. Bxa1 Qxb6 21. g4 $1 {[%cal Rg4h5]} Nf6 22. Ng3 ({White should try} 22. Nxd4 $1 $11 exd4 23. Bxd4) 22... Nd6 $15 23. g5 Nfe8 {aiming for ...f5.} 24. f4 $1 {[%cal Rf4e5]} exf4 25. Bxd4 Qb7 26. Qxf4 {Threatens to win with Bc5.} Qxb4+ 27. Qd2 Qb1+ 28. Qd1 Qb4+ 29. Qd2 $1 {[%cal Rd2b4]} Qb1+ 30. Qd1 Qb8 31. e5 Qb4+ {[#]} (31... Nc4 $1 $14) 32. Qd2 $1 $16 {[%cal Rd2b4]} Qb1+ {[#]} 33. Qd1 (33. Kf2 $1 $16 Ne4+ 34. Nxe4 Qxe4 35. Bg2) 33... Qb4+ $11 34. Qd2 {Precision: White = 59%, Black = 54%.} 1/2-1/2

[Event "11th Chennai Open-GM 2019"]
[Site "Chennai"]
[Date "2019.01.21"]
[Round "5"]
[White "Kurbonboeva, Sarvinoz"]
[Black "Vignesh N R"]
[Result "1/2-1/2"]
[WhiteElo "2214"]
[BlackElo "2461"]
[Annotator "TA"]
[PlyCount "56"]
[EventDate "2019.01.18"]
[EventType "swiss"]
[EventCountry "IND"]
[SourceTitle "playchess.com"]
[Source "ChessBase"]
[SourceQuality "1"]

{[%evp 15,56,8,37,33,43,4,26,39,51,0,10,-23,31,15,27,31,29,25,35,37,38,36,30,30,50,50,50,46,43,41,60,49,52,19,22,15,8,0,0,0,169,13,35]} 1. d4 Nf6 2. c4 e6 3. g3 d5 4. Nf3 Bb4+ 5. Bd2 Bd6 (5... Be7 6. Bg2 O-O 7. O-O Nbd7 8. Nc3 c6 9. Bf4 dxc4 10. e4 Re8 11. a4 b6 12. d5 exd5 13. exd5 Bb7 14. a5 bxa5 15. d6 Bf8 16. Nd2 Nd5 17. Nxd5 cxd5 18. Nxc4 dxc4 19. Bxb7 {½-½ (42) Nakamura,H (2777)-Karjakin,S (2773) Saint Louis 2018}) 6. Bg2 {E01: Catalan: Early deviations} c6 7. Qc2 Nbd7 8. O-O Ne4 {LiveBook: 3 Games} 9. Nc3 f5 10. c5 Bc7 11. Bf4 O-O 12. b4 $146 (12. e3 $14) ({Predecessor:} 12. Bxc7 Qxc7 13. Nxe4 fxe4 14. Ng5 Nf6 15. f3 h6 16. Nh3 exf3 17. Rxf3 e5 18. e3 e4 19. Rf2 Bd7 20. Raf1 {½-½ (19) Veloso,J-Zuzek,T Argentina 1977}) 12... b6 13. Nxe4 Bxf4 (13... fxe4 $11 14. Ng5 Nf6) 14. Nf6+ $14 gxf6 15. gxf4 a5 16. a3 Qc7 17. e3 Ba6 18. Rfb1 axb4 19. axb4 Bb5 20. Bf1 Bxf1 21. Kxf1 Qb7 22. Ne1 Rxa1 23. Rxa1 Ra8 24. Rxa8+ Qxa8 25. cxb6 Nxb6 26. Qc5 Qa6+ 27. Kg2 Nc8 $2 {[#]} (27... Nc4 $1 $11 {and Black stays safe.}) 28. Nf3 $2 ({White must play} 28. Qa5 $18 Qb6 29. Nd3) 28... Qb5 {Accuracy: White = 43%, Black = 52%.} 1/2-1/2

[Event "11th Chennai Open-GM 2019"]
[Site "Chennai"]
[Date "2019.01.21"]
[Round "5"]
[White "Samant Aditya S"]
[Black "Rozum, Ivan"]
[Result "1/2-1/2"]
[WhiteElo "2205"]
[BlackElo "2589"]
[Annotator "TA"]
[PlyCount "64"]
[EventDate "2019.01.18"]
[EventType "swiss"]
[EventCountry "IND"]
[SourceTitle "playchess.com"]
[Source "ChessBase"]
[SourceQuality "1"]

{[%evp 13,64,20,27,26,31,21,32,31,41,31,38,34,37,12,42,21,21,26,26,21,33,15,15,15,17,10,23,14,88,44,44,44,44,44,45,16,18,7,0,3,53,54,52,0,29,0,53,0,53,53,52,54,53]} 1. e4 d5 2. exd5 Qxd5 3. Nc3 Qd8 4. d4 c6 5. Nf3 Bf5 6. Bc4 {B01: Scandinavian Defence} (6. Be2 e6 7. O-O Nd7 8. Bf4 Be7 9. Qd2 Ngf6 10. Rad1 O-O 11. Bg3 Nb6 12. Qc1 Nbd5 13. Nb1 {1-0 (49) Jakovenko,D (2710)-Levin,E (2532) Sochi 2017}) 6... e6 7. O-O Nd7 {LiveBook: 3 Games} 8. Qe2 {White has an edge.} Be7 9. Bb3 Bg4 $146 ({Predecessor:} 9... Ngf6 10. Re1 O-O 11. h3 h6 12. Bf4 Bb4 {½-½ (27) Bolt,G (2100)-Hempson,P (2144) Paington 2006}) 10. h3 Bxf3 11. Qxf3 Ngf6 12. Ne2 O-O 13. Nf4 Nd5 14. c3 Bg5 15. Nd3 Bxc1 16. Raxc1 Qf6 17. Qxf6 (17. Qe4 {is interesting.} a5 18. Bc2 g6 19. a4 h5 20. g3) 17... N5xf6 18. f4 g6 19. Bd1 Ne4 20. Re1 f5 (20... Nd6 $11) 21. Nf2 Nxf2 $1 22. Kxf2 Kf7 23. Bb3 Rfe8 24. Re2 Nf6 25. Rce1 {[%cal Re2e6]} Ne4+ 26. Kf3 Rad8 27. Bc2 $36 {[%mdl 2048] White has good play.} Nf6 28. Bb3 {[%cal Rb3e6]} Ne4 29. Bc2 Nf6 $1 30. Bb3 (30. g4 $14) 30... Rd6 (30... Ne4 $11) 31. g4 $14 Nd7 32. g5 b5 {Accuracy: White = 38%, Black = 56%.} 1/2-1/2